[Event "Karlsruhe Grenke op"]
[Site "Karlsruhe"]
[Date "2024.03.29"]
[Round "3"]
[White "Weber, Samuel"]
[Black "Ghimpu, Samuel Timotei"]
[Result "1/2-1/2"]
[WhiteElo "2293"]
[BlackElo "2467"]
[PlyCount "58"]
[EventDate "2024.03.28"]
[EventType "swiss"]
[EventRounds "9"]
[EventCountry "GER"]
[SourceTitle "CB14_2024"]
[SourceDate "2024.04.01"]
[SourceVersion "1"]
[SourceVersionDate "2024.04.01"]
[SourceQuality "1"]

1. e4 e6 2. d3 d5 3. Nd2 Nf6 4. Ngf3 Nc6 5. a3 a5 6. e5 Nd7 7. d4 Be7 8. Nb1 f6 9. exf6 Bxf6 10. Nc3 0-0 11. Be2 Nb6 12. Be3 Bd7 13. 0-0 Be8 14. Nb5 Be7 15. a4 Bg6 16. b3 Nc8 17. Ne5 Nd6 18. Nxg6 hxg6 19. Nxd6 Bxd6 20. Bd3 Qf6 21. Qg4 e5 22. Bxg6 Ne7 23. Bd3 e4 24. Be2 Nf5 25. c3 Nxe3 26. fxe3 Qh6 27. Qh3 Qxh3 28. gxh3 g6 29. Bg4 Kg7 1/2-1/2

[Event "Nancy Rapid op 22nd"]
[Site "Meurthe et Moselle"]
[Date "2024.02.18"]
[Round "7"]
[White "Pourquet, Matthieu"]
[Black "Weber, Samuel"]
[Result "1-0"]
[WhiteElo "2243"]
[BlackElo "2273"]
[PlyCount "132"]
[EventDate "2024.02.18"]
[EventType "swiss (rapid)"]
[EventRounds "9"]
[EventCountry "FRA"]
[SourceTitle "CB08_2024"]
[SourceDate "2024.02.21"]
[SourceVersion "1"]
[SourceVersionDate "2024.02.21"]
[SourceQuality "1"]

1. Nf3 Nf6 2. c4 e6 3. g3 a6 4. Bg2 b5 5. b3 Bb7 6. 0-0 c5 7. Bb2 Qb6 8. Nc3 Be7 9. d3 d6 10. e4 Nc6 11. Qe2 0-0 12. Nd1 Nd7 13. Ne3 Bf6 14. Bxf6 Nxf6 15. Qb2 b4 16. e5 Nxe5 17. Nxe5 Bxg2 18. Kxg2 dxe5 19. Qxe5 Rfd8 20. Rad1 Qc6+ 21. Kg1 Rd4 22. Nc2 Rd7 23. d4 Rad8 24. Qe2 Qe4 25. Rfe1 Qxe2 26. Rxe2 a5 27. Re5 cxd4 28. Rd3 Ra8 29. Rxd4 Rxd4 30. Nxd4 Ra6 31. Rb5 g6 32. c5 Nd5 33. c6 Kg7 34. Rb7 e5 35. Ne6+ Kf6 36. Nd8 Ne7 37. c7 Rd6 38. Rb8 Rd1+ 39. Kg2 Rc1 40. Rb6+ Kg7 41. Rc6 Rxc6 42. Nxc6 Nc8 43. Nxa5 Kf6 44. Nc6 Ke6 45. Nxb4 Kd6 46. Na6 Kc6 47. Kf3 f5 48. Ke3 Kb6 49. Nb4 Kxc7 50. a4 Kd6 51. Kd3 Kc5 52. Kc3 Nd6 53. Nd3+ Kd5 54. b4 g5 55. b5 e4 56. Nb4+ Kc5 57. Na6+ Kb6 58. Kb4 f4 59. a5+ Ka7 60. Nc5 f3 61. b6+ Kb8 62. a6 e3 63. a7+ Ka8 64. Ne6 Kb7 65. Nc7 Kxb6 66. a8Q Kxc7 1-0

[Event "Sitges Sunway op 10th"]
[Site "Sitges"]
[Date "2023.12.21"]
[Round "9"]
[White "Arhan, Chethan Anand"]
[Black "Weber, Samuel"]
[Result "1/2-1/2"]
[WhiteElo "2378"]
[BlackElo "2222"]
[PlyCount "70"]
[EventDate "2023.12.12"]
[EventType "swiss"]
[EventRounds "10"]
[EventCountry "ESP"]
[SourceTitle "CB52_2023"]
[SourceDate "2023.12.27"]
[SourceVersion "1"]
[SourceVersionDate "2023.12.27"]
[SourceQuality "1"]

1. d4 Nf6 2. c4 e6 3. g3 Bb4+ 4. Bd2 a5 5. Bg2 Nc6 6. Nf3 0-0 7. 0-0 Bxd2 8. Qxd2 d6 9. Nc3 Re8 10. Rfd1 Bd7 11. Rac1 a4 12. e4 e5 13. dxe5 Nxe5 14. Nxe5 dxe5 15. Nd5 Bg4 16. f3 Be6 17. Qb4 Bxd5 18. cxd5 Qb8 19. Rd2 h5 20. Rc3 Rd8 21. Rdc2 Qa7+ 22. Qc5 Ne8 23. Bf1 Qb6 24. Qxb6 cxb6 25. Rc4 Nd6 26. Rb4 a3 27. Rxb6 axb2 28. Rbxb2 Ra3 29. Rb3 Rxb3 30. axb3 Rc8 31. Rxc8+ Nxc8 32. Kf2 Nd6 33. Ke3 f6 34. f4 g6 35. Bd3 Kg7 1/2-1/2

[Event "GER-ch Rapid 49th"]
[Site "Dinkelsbuehl"]
[Date "2023.11.12"]
[Round "7"]
[White "Berchtenbreiter, Maximilian"]
[Black "Weber, Samuel"]
[Result "0-1"]
[WhiteElo "2494"]
[BlackElo "2263"]
[PlyCount "96"]
[EventDate "2023.11.11"]
[EventType "swiss (rapid)"]
[EventRounds "9"]
[EventCountry "GER"]
[SourceTitle "CB46_2023"]
[SourceDate "2023.11.15"]
[SourceVersion "1"]
[SourceVersionDate "2023.11.15"]
[SourceQuality "1"]

1. g3 Nf6 2. c3 g6 3. d4 Bg7 4. a4 a5 5. Bg2 0-0 6. e4 d6 7. Nd2 e5 8. Ngf3 Nc6 9. 0-0 Bg4 10. Qb3 Qc8 11. Re1 h6 12. dxe5 dxe5 13. Nc4 Be6 14. Bf1 Nd7 15. Qc2 b6 16. Ne3 Ne7 17. Bc4 Nc5 18. b4 Nb7 19. Ba3 Nd6 20. Bxe6 Qxe6 21. b5 Rfe8 22. Rad1 Rad8 23. c4 c6 24. bxc6 Nxc6 25. Nd5 Nd4 26. Nxd4 exd4 27. Nxb6 f5 28. e5 Ne4 29. Nd5 Ng5 30. f4 Nf3+ 31. Kg2 Nxe1+ 32. Rxe1 Rxd5 33. cxd5 Qxd5+ 34. Kf2 d3 35. Qd2 Rc8 36. Rd1 Qd4+ 37. Kf1 Qe4 38. Qg2 Rc2 39. Qxe4 fxe4 40. Re1 Rc4 41. Kf2 Rxa4 42. Bd6 Ra2+ 43. Ke3 Rxh2 44. Bc7 a4 45. Kxe4 Re2+ 46. Rxe2 dxe2 47. Ba5 a3 48. Kf3 a2 0-1

[Event "GER-ch Rapid 49th"]
[Site "Dinkelsbuehl"]
[Date "2023.11.12"]
[Round "8"]
[White "Weber, Samuel"]
[Black "Mons, Leon"]
[Result "1/2-1/2"]
[WhiteElo "2263"]
[BlackElo "2509"]
[PlyCount "53"]
[EventDate "2023.11.11"]
[EventType "swiss (rapid)"]
[EventRounds "9"]
[EventCountry "GER"]
[SourceTitle "CB46_2023"]
[SourceDate "2023.11.15"]
[SourceVersion "1"]
[SourceVersionDate "2023.11.15"]
[SourceQuality "1"]

1. e4 e5 2. Nc3 Nf6 3. f4 d5 4. fxe5 Nxe4 5. Qf3 f5 6. d3 Nxc3 7. bxc3 d4 8. Qg3 dxc3 9. Be2 Be6 10. Bf3 Nc6 11. Bxc6+ bxc6 12. Ne2 Qd7 13. 0-0 Bb4 14. Be3 0-0 15. Nf4 Ba3 16. Rae1 a5 17. h4 Qf7 18. h5 h6 19. Rf3 Rfe8 20. Qf2 Kh7 21. Rg3 Bxa2 22. e6 Bxe6 23. Bd4 Bf8 24. Ng6 Bd6 25. Nf4 Bf8 26. Ng6 Bd6 27. Nf4 1/2-1/2

[Event "GER-ch Rapid 49th"]
[Site "Dinkelsbuehl"]
[Date "2023.11.11"]
[Round "4"]
[White "Kuegel, Tobias"]
[Black "Weber, Samuel"]
[Result "1-0"]
[WhiteElo "2422"]
[BlackElo "2263"]
[PlyCount "49"]
[EventDate "2023.11.11"]
[EventType "swiss (rapid)"]
[EventRounds "9"]
[EventCountry "GER"]
[SourceTitle "CB46_2023"]
[SourceDate "2023.11.15"]
[SourceVersion "1"]
[SourceVersionDate "2023.11.15"]
[SourceQuality "1"]

1. e4 c5 2. Nf3 e6 3. d4 cxd4 4. Nxd4 a6 5. c4 d6 6. Nc3 Nf6 7. Be2 Qc7 8. 0-0 b6 9. Be3 Bb7 10. f3 Nbd7 11. Qe1 Be7 12. Qg3 h5 13. Rac1 Rc8 14. Nd5 exd5 15. cxd5 Nc5 16. b4 h4 17. Qxg7 Rh7 18. Qg5 Kf8 19. Qf4 Qd7 20. bxc5 bxc5 21. Nf5 Rh5 22. Nxe7 Qxe7 23. Bd2 Bxd5 24. Bc3 Nh7 25. Qg4 1-0

[Event "Bayern-chI Bank Hofmann 26th"]
[Site "Tegernsee"]
[Date "2023.11.05"]
[Round "9"]
[White "Klings, Peter"]
[Black "Weber, Samuel"]
[Result "1/2-1/2"]
[WhiteElo "2045"]
[BlackElo "2267"]
[PlyCount "77"]
[EventDate "2023.10.28"]
[EventType "swiss"]
[EventRounds "9"]
[EventCountry "GER"]
[SourceTitle "Mega2024 Update 01"]
[Source "Chessbase"]
[SourceDate "2023.11.12"]
[SourceVersion "1"]
[SourceVersionDate "2023.11.12"]
[SourceQuality "1"]

1. Nf3 Nf6 2. c4 b6 3. g3 Bb7 4. Bg2 e6 5. 0-0 c5 6. Nc3 Be7 7. Re1 d6 8. e4 a6 9. d4 cxd4 10. Qxd4 Nc6 11. Qd2 Ne5 12. b3 Nxf3+ 13. Bxf3 0-0 14. Ba3 Qc7 15. Rac1 Rac8 16. Qe3 Nd7 17. Na4 Rfe8 18. Bg2 h6 19. h4 Bc6 20. Nc3 Qb8 21. Red1 Nc5 22. b4 Na4 23. b5 Nxc3 24. Rxc3 axb5 25. cxb5 Bxb5 26. Rxc8 Qxc8 27. Bxd6 Bxd6 28. Rxd6 Qc5 29. Qxc5 bxc5 30. Bf1 Bxf1 31. Kxf1 Ra8 32. Rc6 Rxa2 33. Rxc5 Ra4 34. f3 g6 35. Rc2 Kg7 36. Kf2 g5 37. hxg5 hxg5 38. Rc5 Kf6 39. g4 1/2-1/2

[Event "Titled Tuesday intern op 29th Aug Late"]
[Site "Chess.com INT"]
[Date "2023.08.29"]
[Round "5"]
[White "Narva, Triin"]
[Black "Weber, Samuel"]
[Result "0-1"]
[WhiteElo "2069"]
[BlackElo "2276"]
[PlyCount "82"]
[EventDate "2023.08.29"]
[EventType "swiss (blitz)"]
[EventRounds "11"]
[EventCountry "USA"]
[SourceTitle "EXT 2024"]
[Source "ChessBase"]
[SourceDate "2023.10.10"]
[SourceVersion "1"]
[SourceVersionDate "2023.10.10"]
[SourceQuality "1"]

1. e4 d6 2. d4 Nf6 3. Nc3 e5 4. Nf3 exd4 5. Nxd4 Bd7 6. Bc4 Nc6 7. 0-0 Be7 8. Re1 0-0 9. a4 Re8 10. Bf4 Ng4 11. Nxc6 bxc6 12. e5 d5 13. Nxd5 cxd5 14. Bxd5 Rb8 15. h3 Nh6 16. Bxh6 gxh6 17. Qh5 Be6 18. Be4 Bf8 19. Re3 Kh8 20. b3 Qg5 21. Qe2 Bg7 22. Bd3 Rg8 23. f3 Bxh3 24. f4 Qxf4 25. Rxh3 Bxe5 26. Rf1 Qd4+ 27. Kh1 Rb6 28. Rxf7 Bg7 29. Qe4 Qxe4 30. Bxe4 Re6 31. Bd3 Re1+ 32. Rf1 Rxf1+ 33. Bxf1 Rd8 34. Rd3 Re8 35. g3 Be5 36. Kg2 Kg7 37. Be2 Kf6 38. Bh5 Rg8 39. g4 Bd6 40. Rf3+ Kg5 41. Rf7 Re8 0-1

[Event "Titled Tuesday intern op 29th Aug Late"]
[Site "Chess.com INT"]
[Date "2023.08.29"]
[Round "7"]
[White "Weber, Samuel"]
[Black "Cooper, Aaron"]
[Result "0-1"]
[WhiteElo "2276"]
[BlackElo "1904"]
[PlyCount "114"]
[EventDate "2023.08.29"]
[EventType "swiss (blitz)"]
[EventRounds "11"]
[EventCountry "USA"]
[SourceTitle "EXT 2024"]
[Source "ChessBase"]
[SourceDate "2023.10.10"]
[SourceVersion "1"]
[SourceVersionDate "2023.10.10"]
[SourceQuality "1"]

1. d4 Nf6 2. Nf3 g6 3. c4 Bg7 4. Nc3 d6 5. b3 0-0 6. Bb2 c6 7. e3 Bg4 8. Be2 Nbd7 9. 0-0 Qc7 10. h3 Bxf3 11. Bxf3 e5 12. d5 c5 13. e4 h5 14. Nb5 Qb6 15. a4 Ne8 16. a5 Qd8 17. a6 b6 18. g3 Bh6 19. Bg2 f5 20. Bc1 Bxc1 21. Qxc1 Kh7 22. exf5 gxf5 23. f4 e4 24. Qd1 Ndf6 25. Ra2 Rg8 26. Kh2 Qd7 27. Rg1 Nc7 28. Nc3 Rg7 29. Bf1 Rag8 30. Rag2 Nxa6 31. Qa1 Nb4 32. Nd1 Qf7 33. Ne3 Ne8 34. Be2 a5 35. Qd1 h4 36. Bh5 Qf6 37. g4 fxg4 38. Rxg4 Rxg4 39. Rxg4 Ng7 40. Bg6+ Kh6 41. Rg5 Qxf4+ 42. Kh1 Qxg5 43. Bf7 Qxe3 44. Qg4 Qf3+ 45. Qxf3 exf3 46. Bxg8 Nf5 47. Kg1 Kg5 48. Kf2 Kf4 49. Be6 Nd4 50. Bg4 Nd3+ 51. Kg1 f2+ 52. Kf1 Nf5 53. Be2 Ng3+ 54. Kg2 Nxe2 55. b4 Ng3 56. Kh2 f1Q 57. b5 Qh1# 0-1

[Event "GER-ch 94th"]
[Site "Ostfildern"]
[Date "2023.08.18"]
[Round "7"]
[White "Graf, Alexander"]
[Black "Weber, Samuel"]
[Result "1-0"]
[WhiteElo "2543"]
[BlackElo "2276"]
[PlyCount "47"]
[EventDate "2023.08.14"]
[EventType "swiss"]
[EventRounds "9"]
[EventCountry "GER"]
[SourceTitle "CBM 215 Extra"]
[Source "ChessBase"]
[SourceDate "2023.09.30"]
[SourceVersion "1"]
[SourceVersionDate "2023.09.30"]
[SourceQuality "1"]

1. g3 Nf6 2. Bg2 g6 3. b3 Bg7 4. Bb2 d5 5. Nf3 0-0 6. c4 c6 7. 0-0 Bf5 8. d3 Re8 9. Nbd2 a5 10. Qc2 Na6 11. a3 b5 12. e4 dxe4 13. dxe4 Nxe4 14. Bxg7 Nf6 15. Qb2 Kxg7 16. Ne5 bxc4 17. Ndxc4 c5 18. g4 Be6 19. g5 Qb8 20. Nxa5 Qc7 21. gxf6+ exf6 22. Nec4 Rad8 23. Rad1 Nb8 24. Qc3 1-0

[Event "GER-ch Blitz"]
[Site "Viernheim"]
[Date "2023.07.15"]
[Round "14"]
[White "Lenz, Jonas"]
[Black "Weber, Samuel"]
[Result "0-1"]
[WhiteElo "2138"]
[BlackElo "2273"]
[PlyCount "88"]
[EventDate "2023.07.15"]
[EventType "tourn (blitz)"]
[EventRounds "29"]
[EventCountry "GER"]
[SourceTitle "CBM 215 Extra"]
[Source "ChessBase"]
[SourceDate "2023.09.30"]
[SourceVersion "1"]
[SourceVersionDate "2023.09.30"]
[SourceQuality "1"]

1. d4 Nf6 2. c4 b6 3. Nf3 Bb7 4. g3 e6 5. Bg2 Bb4+ 6. Nbd2 0-0 7. 0-0 Bxd2 8. Bxd2 d6 9. h4 Nbd7 10. Bg5 h6 11. Bxf6 Nxf6 12. d5 exd5 13. Nh2 c6 14. cxd5 c5 15. e4 Re8 16. Re1 Bc8 17. a4 Bd7 18. Qc2 Qc8 19. Nf1 Bh3 20. Nd2 Bxg2 21. Kxg2 Qg4 22. f3 Qg6 23. Qd3 Nh5 24. Qf1 Qxg3+ 25. Kh1 Qxh4+ 26. Kg1 Re5 27. Re2 Nf4 28. Rh2 Qf6 29. Nc4 Rg5+ 30. Kh1 Re8 31. Ne3 Qd4 32. Nf5 Rxf5 33. exf5 Qxd5 34. Rd1 Qe5 35. Rc2 d5 36. a5 Qxf5 37. Rcd2 Qh5+ 38. Rh2 Qf5 39. axb6 axb6 40. Qb5 Qe6 41. b4 c4 42. Rh4 Nd3 43. Kg1 Qe2 44. Rd2 Qe1+ 0-1

[Event "GER-ch Blitz"]
[Site "Viernheim"]
[Date "2023.07.15"]
[Round "19"]
[White "Weber, Samuel"]
[Black "Neyman, Igor"]
[Result "1/2-1/2"]
[WhiteElo "2273"]
[BlackElo "2316"]
[PlyCount "61"]
[EventDate "2023.07.15"]
[EventType "tourn (blitz)"]
[EventRounds "29"]
[EventCountry "GER"]
[SourceTitle "CBM 215 Extra"]
[Source "ChessBase"]
[SourceDate "2023.09.30"]
[SourceVersion "1"]
[SourceVersionDate "2023.09.30"]
[SourceQuality "1"]

1. Nf3 d5 2. g3 Nf6 3. Bg2 c6 4. 0-0 g6 5. b3 Bg7 6. Bb2 0-0 7. d3 Re8 8. Nbd2 Nbd7 9. c4 a5 10. a3 b6 11. cxd5 cxd5 12. Rc1 Bb7 13. Ne5 Rc8 14. Rxc8 Qxc8 15. Qa1 Nxe5 16. Bxe5 Qd7 17. Qd4 Qe6 18. Rc1 Nh5 19. Bxg7 Nxg7 20. e3 Qd6 21. b4 axb4 22. Qxb4 Qxb4 23. axb4 e6 24. b5 Rc8 25. Ra1 Nf5 26. e4 dxe4 27. Bxe4 Bxe4 28. Nxe4 Nd4 29. Ra6 Nxb5 30. Rxb6 Nc3 31. Nxc3 1/2-1/2

[Event "GER-ch Blitz"]
[Site "Viernheim"]
[Date "2023.07.15"]
[Round "17"]
[White "Weber, Samuel"]
[Black "Schulze, Torben"]
[Result "0-1"]
[WhiteElo "2273"]
[BlackElo "2325"]
[PlyCount "56"]
[EventDate "2023.07.15"]
[EventType "tourn (blitz)"]
[EventRounds "29"]
[EventCountry "GER"]
[SourceTitle "CBM 215 Extra"]
[Source "ChessBase"]
[SourceDate "2023.09.30"]
[SourceVersion "1"]
[SourceVersionDate "2023.09.30"]
[SourceQuality "1"]

1. c4 e5 2. g3 c6 3. d4 e4 4. d5 f5 5. Nc3 Na6 6. h4 Nf6 7. d6 Qa5 8. Bg5 Qb4 9. Bxf6 gxf6 10. e3 h5 11. Be2 Qxb2 12. Rc1 Kd8 13. Nh3 Qa3 14. Nf4 Bxd6 15. Nxh5 Be5 16. Qb3 Qxc1+ 17. Nd1 Nc5 18. Qb4 Nd3+ 19. Bxd3 exd3 20. Ng7 d6 21. 0-0 Rg8 22. Nh5 b6 23. f4 c5 24. Qa4 Bd7 25. Qa6 Bc6 26. fxe5 Qd2 27. Nf2 Qxe3 28. Kh2 Qf3 0-1

[Event "Dortmund Sparkassen op 50th"]
[Site "Dortmund"]
[Date "2023.06.29"]
[Round "6"]
[White "Bailet, Pierre"]
[Black "Weber, Samuel"]
[Result "1-0"]
[WhiteElo "2513"]
[BlackElo "2296"]
[PlyCount "99"]
[EventDate "2023.06.24"]
[EventType "swiss"]
[EventRounds "9"]
[EventCountry "GER"]
[SourceTitle "CBM 215 Extra"]
[Source "ChessBase"]
[SourceDate "2023.09.30"]
[SourceVersion "1"]
[SourceVersionDate "2023.09.30"]
[SourceQuality "1"]

1. e4 e6 2. d4 d5 3. e5 c5 4. c3 Nc6 5. Nf3 Nh6 6. Bxh6 gxh6 7. Bb5 Qb6 8. Qe2 a6 9. Bxc6+ bxc6 10. 0-0 a5 11. Rc1 Ba6 12. Qc2 Bg7 13. Nbd2 Be2 14. c4 cxd4 15. cxd5 cxd5 16. Nxd4 Bb5 17. N2f3 0-0 18. g3 Ba6 19. Qd2 Rfc8 20. Kg2 a4 21. b3 a3 22. h4 Bb7 23. Qe3 Qb4 24. Nh2 Qe7 25. Ng4 h5 26. Nh2 f6 27. Nhf3 Kh8 28. Rxc8+ Rxc8 29. Re1 fxe5 30. Nxe5 Qf6 31. f4 Rc2+ 32. Re2 Rb2 33. Qc1 Rxe2+ 34. Nxe2 d4+ 35. Kf2 Qe7 36. Nxd4 Qb4 37. Qe3 Qc5 38. Ndf3 Qc2+ 39. Qd2 Qb2 40. Nc4 Qf6 41. Nce5 Qf8 42. Qc2 Qa8 43. Nf7+ Kg8 44. N7g5 Qa7+ 45. Kg2 Bd5 46. Qxh7+ Kf8 47. Qg6 Qe7 48. f5 e5 49. f6 Bxf6 50. Nh7+ 1-0

[Event "Rheinland Pfalz op 13th"]
[Site "Engers"]
[Date "2023.06.09"]
[Round "3"]
[White "Weber, Samuel"]
[Black "Grzeca, Pascal"]
[Result "1-0"]
[WhiteElo "2296"]
[BlackElo "2089"]
[PlyCount "31"]
[EventDate "2023.06.08"]
[EventType "swiss"]
[EventRounds "7"]
[EventCountry "GER"]
[SourceTitle "CBM 214 Extra"]
[Source "ChessBase"]
[SourceDate "2023.07.31"]
[SourceVersion "1"]
[SourceVersionDate "2023.07.31"]
[SourceQuality "1"]

1. e4 c6 2. d3 d5 3. Nd2 e5 4. Ngf3 Bd6 5. d4 exd4 6. Bd3 dxe4 7. Nxe4 Nf6 8. 0-0 0-0 9. Nfg5 h6 10. Nxf6+ Qxf6 11. Nh7 Bxh2+ 12. Kxh2 Qh4+ 13. Kg1 Rd8 14. Re1 Bg4 15. f3 Bh5 16. Re4 1-0

[Event "Stuttgart op"]
[Site "Ditzingen"]
[Date "2023.05.21"]
[Round "7"]
[White "Weber, Samuel"]
[Black "Degenhard, Simon"]
[Result "0-1"]
[WhiteElo "2296"]
[BlackElo "2247"]
[PlyCount "62"]
[EventDate "2023.05.18"]
[EventType "swiss"]
[EventRounds "7"]
[EventCountry "GER"]
[SourceTitle "CBM 214 Extra"]
[Source "ChessBase"]
[SourceDate "2023.07.31"]
[SourceVersion "1"]
[SourceVersionDate "2023.07.31"]
[SourceQuality "1"]

1. e4 c5 2. Nf3 Nc6 3. b3 e6 4. Bb2 b6 5. c3 Nf6 6. Bd3 d5 7. e5 Nd7 8. Qe2 Qc7 9. Bb5 Be7 10. 0-0 a6 11. Bxc6 Qxc6 12. a4 0-0 13. d4 f6 14. exf6 Bxf6 15. Bc1 Bb7 16. a5 Rad8 17. axb6 e5 18. dxc5 Nxc5 19. Ba3 Nxb3 20. Ra2 Rf7 21. Re1 Na5 22. Nd4 Qxb6 23. Rb2 Qc7 24. Nf5 Nc4 25. Qg4 Kh8 26. Rb3 Bc8 27. Qf3 Bxf5 28. Qxf5 Bh4 29. Qh3 Bxf2+ 30. Kh1 Bxe1 31. Rb8 Rf1# 0-1

[Event "Stuttgart op"]
[Site "Ditzingen"]
[Date "2023.05.20"]
[Round "5"]
[White "Weber, Samuel"]
[Black "Nikolov, Momchil"]
[Result "0-1"]
[WhiteElo "2296"]
[BlackElo "2506"]
[PlyCount "96"]
[EventDate "2023.05.18"]
[EventType "swiss"]
[EventRounds "7"]
[EventCountry "GER"]
[SourceTitle "CBM 214 Extra"]
[Source "ChessBase"]
[SourceDate "2023.07.31"]
[SourceVersion "1"]
[SourceVersionDate "2023.07.31"]
[SourceQuality "1"]

1. e4 c5 2. Nf3 d6 3. Bb5+ Bd7 4. Bxd7+ Qxd7 5. 0-0 Nc6 6. b3 Nf6 7. Re1 g6 8. Bb2 Bg7 9. c4 0-0 10. d4 cxd4 11. Nxd4 a6 12. Nc3 Nxd4 13. Qxd4 b5 14. cxb5 axb5 15. Nd5 Qb7 16. Nb4 Rfc8 17. f3 Nh5 18. Qf2 Bxb2 19. Qxb2 Nf6 20. Qd4 Rc5 21. Rad1 Rac8 22. e5 dxe5 23. Rxe5 Rc1 24. Ree1 R1c7 25. Qe3 e6 26. Qd4 Nh5 27. Rd2 Ng7 28. Red1 Nf5 29. Qf2 Rc1 30. g4 Nh4 31. Nd5 Rxd1+ 32. Rxd1 Nxf3+ 33. Qxf3 exd5 34. Qxd5 Qa7+ 35. Kg2 Qxa2+ 36. Rd2 Qa6 37. g5 Qb6 38. Rf2 Qc6 39. Rd2 Qc5 40. Rd4 Qc1 41. Rd2 Qe1 42. Rf2 Qe7 43. b4 Rc4 44. Qa8+ Qf8 45. Qb7 Rg4+ 46. Kf1 Rxg5 47. Qd7 Re5 48. h4 Qe8 0-1

[Event "Titled Tuesday intern op 16th May Early"]
[Site "Chess.com INT"]
[Date "2023.05.16"]
[Round "2"]
[White "Causo, Deniel"]
[Black "Weber, Samuel"]
[Result "1-0"]
[WhiteElo "2224"]
[BlackElo "2296"]
[PlyCount "93"]
[EventDate "2023.05.16"]
[EventType "swiss (blitz)"]
[EventRounds "11"]
[EventCountry "USA"]
[SourceTitle "CBM 214 Extra"]
[Source "ChessBase"]
[SourceDate "2023.07.31"]
[SourceVersion "1"]
[SourceVersionDate "2023.07.31"]
[SourceQuality "1"]

1. e4 c5 2. c3 d5 3. exd5 Qxd5 4. d4 Nf6 5. Nf3 e6 6. Bd3 Nc6 7. 0-0 cxd4 8. cxd4 Qd8 9. Nc3 Be7 10. Qe2 0-0 11. Rd1 Nb4 12. Bc4 Nbd5 13. Bg5 h6 14. Bh4 Nxc3 15. bxc3 Bd7 16. Ne5 Rc8 17. Rac1 Qc7 18. Bb3 Rfd8 19. c4 Be8 20. h3 b5 21. c5 a5 22. a3 Nd5 23. Bg3 Qa7 24. Qf3 a4 25. Ba2 b4 26. Bxd5 Rxd5 27. axb4 Rcd8 28. Qc3 Bb5 29. Nc4 Bf6 30. Nd6 Qa6 31. Be5 Bg5 32. Ra1 Be7 33. Nxb5 Qxb5 34. Bf4 f6 35. Be3 Ra8 36. Rdc1 f5 37. Qc4 Qb8 38. b5 f4 39. Bd2 f3 40. gxf3 Qf8 41. Kg2 Bg5 42. Be3 Bxe3 43. fxe3 Rg5+ 44. Kf2 Rf5 45. Qxe6+ Kh8 46. f4 Re8 47. Qd6 1-0

[Event "Titled Tuesday intern op 16th May Late"]
[Site "Chess.com INT"]
[Date "2023.05.16"]
[Round "7"]
[White "Weber, Samuel"]
[Black "Levar, Nenad"]
[Result "1-0"]
[WhiteElo "2296"]
[BlackElo "2009"]
[PlyCount "45"]
[EventDate "2023.05.16"]
[EventType "swiss (blitz)"]
[EventRounds "11"]
[EventCountry "USA"]
[SourceTitle "CBM 214 Extra"]
[Source "ChessBase"]
[SourceDate "2023.07.31"]
[SourceVersion "1"]
[SourceVersionDate "2023.07.31"]
[SourceQuality "1"]

1. b3 Nf6 2. Bb2 g6 3. c4 Bg7 4. e3 0-0 5. Nf3 d6 6. Be2 e5 7. d3 c5 8. Nc3 Nc6 9. 0-0 h6 10. Nd2 Be6 11. Bf3 Qd7 12. Nd5 Ne7 13. Nxf6+ Bxf6 14. d4 cxd4 15. exd4 exd4 16. Ne4 Bg7 17. Bxd4 Rfd8 18. Bxg7 Kxg7 19. Qd4+ Kf8 20. Qh8+ Ng8 21. Nf6 Qc7 22. Nxg8 Ke8 23. Nxh6+ 1-0

[Event "Titled Tuesday intern op 16th May Early"]
[Site "Chess.com INT"]
[Date "2023.05.16"]
[Round "9"]
[White "Weber, Samuel"]
[Black "Rodchenkov, Sergey D"]
[Result "0-1"]
[WhiteElo "2296"]
[BlackElo "2346"]
[PlyCount "88"]
[EventDate "2023.05.16"]
[EventType "swiss (blitz)"]
[EventRounds "11"]
[EventCountry "USA"]
[SourceTitle "CBM 214 Extra"]
[Source "ChessBase"]
[SourceDate "2023.07.31"]
[SourceVersion "1"]
[SourceVersionDate "2023.07.31"]
[SourceQuality "1"]

1. b3 d5 2. Bb2 Nf6 3. Nf3 Bg4 4. e3 Nbd7 5. Be2 c6 6. 0-0 e6 7. c4 Be7 8. Nc3 0-0 9. h3 Bf5 10. d4 h6 11. Bd3 Bxd3 12. Qxd3 Qb6 13. cxd5 exd5 14. Na4 Qc7 15. Ne5 Bd6 16. Nxd7 Qxd7 17. Nc5 Qe7 18. Qf5 Rae8 19. Rae1 g6 20. Qf3 Kg7 21. Re2 Kh7 22. Rfe1 Ne4 23. Nxe4 dxe4 24. Qg4 f5 25. Qg3 Bxg3 26. fxg3 Qg5 27. Kh2 h5 28. h4 Qe7 29. Rd2 g5 30. d5 gxh4 31. d6 hxg3+ 32. Kxg3 Rg8+ 33. Kh2 Qg5 34. Red1 Rd8 35. d7 h4 36. Be5 h3 37. gxh3 Qxe3 38. Bc7 f4 39. Bxd8 Qg3+ 40. Kh1 Qf3+ 41. Kh2 Rxd8 42. Rg1 e3 43. Rd6 e2 44. Rdg6 Rxd7 0-1

[Event "Titled Tuesday intern op 16th May Early"]
[Site "Chess.com INT"]
[Date "2023.05.16"]
[Round "5"]
[White "Weber, Samuel"]
[Black "Shapiro, Viktor"]
[Result "0-1"]
[WhiteElo "2296"]
[BlackElo "2192"]
[PlyCount "96"]
[EventDate "2023.05.16"]
[EventType "swiss (blitz)"]
[EventRounds "11"]
[EventCountry "USA"]
[SourceTitle "CBM 214 Extra"]
[Source "ChessBase"]
[SourceDate "2023.07.31"]
[SourceVersion "1"]
[SourceVersionDate "2023.07.31"]
[SourceQuality "1"]

1. b3 Nf6 2. Bb2 d5 3. Nf3 Bf5 4. e3 e6 5. c4 Bd6 6. Be2 c6 7. 0-0 Nbd7 8. Nc3 h6 9. d4 0-0 10. Rc1 a6 11. cxd5 exd5 12. Na4 Re8 13. Nc5 Qc7 14. Nxd7 Nxd7 15. Bd3 Be4 16. h3 Nf6 17. Ne5 Qe7 18. f4 Rac8 19. Kh2 Bxd3 20. Qxd3 Ne4 21. Rce1 f6 22. Nf3 Qf7 23. Qd1 Qg6 24. g4 Qf7 25. Kh1 Ng3+ 26. Kg2 Nxf1 27. Kxf1 g5 28. fxg5 fxg5 29. Kg2 Rf8 30. Rf1 Qg6 31. Qb1 Qxb1 32. Rxb1 Rce8 33. Ne5 Bxe5 34. dxe5 Kf7 35. Bd4 Ke6 36. b4 Rf7 37. a4 Ref8 38. Rb2 Rf1 39. b5 axb5 40. axb5 Rc1 41. bxc6 bxc6 42. Rb7 Rc2+ 43. Kg1 Rf3 44. Rg7 Rg3+ 45. Kf1 Rxh3 46. Rg6+ Kf7 47. Rf6+ Ke7 48. Kg1 c5 0-1